000 00301nam a22001337a 4500
008 170508b xxu||||| |||| 00| 0 eng d
020 _a9780136008644
041 _aeng
080 _25TH
_a341
100 _a15
101 _aSHJ
245 _aINTERNATIONAL BUSINESS LAW
_cAUGUST, R
942 _2udc
_cBK
999 _c12861
_d12861